[Event "Team senior chess final 2016"]
[Site "Sochi"]
[Date "2016.05.09"]
[Round "8.1"]
[White "Sabaev, Evgueni"]
[Black "Rashkovsky, Nukhim N"]
[Result "0-1"]
[WhiteElo "2129"]
[BlackElo "2515"]
[PlyCount "120"]
[EventDate "2016.05.01"]

1. Nf3 Nf6 2. c4 d6 3. d4 Bg4 4. Qb3 Bxf3 5. Qxf3 Nc6 6. e3 g6 7. Nc3 Bg7 8.
Qd1 O-O 9. Be2 e5 10. d5 Ne7 11. e4 Nd7 12. O-O f5 13. Bd2 Nf6 14. f3 h5 15. b4
f4 16. c5 g5 17. Rc1 Kh8 18. a4 Rg8 19. a5 Bf8 20. cxd6 cxd6 21. Nb5 Ne8 22.
Be1 a6 23. Nc3 Nf6 24. Kh1 Ng6 25. Na4 g4 26. Nb6 Rb8 27. Rc4 gxf3 28. Bxf3 Qe7
29. Bxh5 Qh7 30. Bf3 Re8 31. Qe2 Re7 32. Bf2 Nh4 33. Bxh4 Qxh4 34. Qf2 Rg3 35.
Rfc1 Rh7 36. Qg1 Ng4 37. Bxg4 Qxg4 38. R4c3 Qg6 39. Qf2 Rxc3 40. Rxc3 Qxe4 41.
h3 Qxb4 42. Rc8 Qb1+ 43. Kh2 Qf5 44. Qc2 e4 45. Re8 Re7 46. Rxe7 Bxe7 47. Qc7
Bf8 48. Qd8 Kh7 49. Qh4+ Kg8 50. Qd8 f3 51. Nd7 f2 52. Nxf8 Qxf8 53. Qg5+ Kf7
54. Qf5+ Ke8 55. Qxe4+ Qe7 56. Qc4 Qe1 57. Qc8+ Ke7 58. Qc7+ Kf6 59. Qxd6+ Kf5
60. g4+ Ke4 0-1

[Event "Team senior chess final 2016"]
[Site "Sochi"]
[Date "2016.05.09"]
[Round "8.1"]
[White "Kamiljanov, Timerbay"]
[Black "Fradkin, Boris"]
[Result "1/2-1/2"]
[WhiteElo "2139"]
[BlackElo "2387"]
[PlyCount "120"]
[EventDate "2016.05.01"]

1. d4 Nf6 2. c4 e6 3. Nf3 Bb4+ 4. Bd2 Qe7 5. g3 b6 6. Bg2 Bb7 7. O-O Bxd2 8.
Qxd2 O-O 9. Nc3 d6 10. d5 Nbd7 11. Nd4 exd5 12. cxd5 Nc5 13. b4 Nce4 14. Nxe4
Nxe4 15. Qd3 Rfe8 16. f3 Nf6 17. e4 a5 18. a3 g6 19. Rfc1 axb4 20. axb4 h5 21.
Qc3 Rxa1 22. Rxa1 h4 23. Ra7 Rb8 24. g4 Qe5 25. Ne2 Qxc3 26. Nxc3 g5 27. Nb5
Ne8 28. Nd4 Kg7 29. Bf1 Nf6 30. Bb5 Bxd5 31. exd5 Nxd5 32. Bc4 Nxb4 33. Rxc7 d5
34. Bb5 Ra8 35. Nf5+ Kg8 36. h3 Ra1+ 37. Kf2 Ra2+ 38. Ke3 Nc2+ 39. Kd3 Ne1+ 40.
Kd4 Nxf3+ 41. Kxd5 Rd2+ 42. Ke4 Rb2 43. Be8 Re2+ 44. Kxf3 Rxe8 45. Nh6+ Kg7 46.
Nf5+ Kf6 47. Ne3 Rb8 48. Rc6+ Kg7 49. Nd5 b5 50. Nb4 Ra8 51. Rc3 Ra1 52. Rb3
Rf1+ 53. Ke2 Rg1 54. Kf2 Rg3 55. Rxg3 hxg3+ 56. Kxg3 Kf6 57. Kf3 Ke5 58. Ke3 f6
59. Kd3 f5 60. gxf5 Kxf5 1/2-1/2

[Event "Team senior chess final 2016"]
[Site "Sochi"]
[Date "2016.05.09"]
[Round "8.1"]
[White "Kaliberda, Vladimir"]
[Black "Sadykov, Mars"]
[Result "1/2-1/2"]
[WhiteElo "2268"]
[BlackElo "2043"]
[PlyCount "132"]
[EventDate "2016.05.01"]

1. d4 Nf6 2. c4 e6 3. Nf3 Be7 4. Nc3 d5 5. Bg5 c6 6. e3 O-O 7. Qc2 Nbd7 8. cxd5
exd5 9. Bd3 Re8 10. O-O Nf8 11. Rab1 a5 12. a3 Ne4 13. Bxe7 Qxe7 14. Bxe4 dxe4
15. Nd2 f5 16. Na4 Be6 17. Qc5 Nd7 18. Qxe7 Rxe7 19. Rbc1 Bd5 20. Rc2 g5 21.
Nc3 Nf6 22. Ne2 Kg7 23. Rfc1 Kg6 24. Nc4 Bxc4 25. Rxc4 Nd5 26. Rc5 Rd7 27. Nc3
Ra6 28. Nxd5 Rxd5 29. Rxd5 cxd5 30. Rc5 Rc6 31. b4 axb4 32. axb4 Rd6 33. h3 f4
34. b5 h5 35. Rc8 fxe3 36. fxe3 h4 37. Kh2 Rb6 38. Rc5 Rd6 39. Kg1 Kf6 40. Kf2
Kg6 41. Ke2 Kf6 42. Kd2 Ke6 43. Kc3 Kd7 44. Kd2 Ke6 45. Rc1 Kf5 46. Rc7 Rb6 47.
Rc5 Rd6 48. Kc3 Ke6 49. Rc8 Kf6 50. Rc7 b6 51. Kd2 Ke6 52. Rb7 Kf5 53. Ke2 g4
54. hxg4+ Kxg4 55. Rg7+ Kf5 56. Kf2 Rf6 57. Rb7 Rh6 58. Rb8 Rf6 59. Kg1 Rg6 60.
Kf2 Rh6 61. Rf8+ Rf6 62. Rd8 Ke6+ 63. Ke2 Rg6 64. Kf2 Rf6+ 65. Ke2 Rg6 66. Kf2
Rf6+ 1/2-1/2

[Event "Team senior chess final 2016"]
[Site "Sochi"]
[Date "2016.05.09"]
[Round "8.2"]
[White "Faibisovich, Vadim Z"]
[Black "Sveshnikov, Evgeny"]
[Result "1/2-1/2"]
[WhiteElo "2352"]
[BlackElo "2504"]
[PlyCount "57"]
[EventDate "2016.05.01"]

1. d4 d5 2. c4 e6 3. Nc3 c6 4. cxd5 exd5 5. Bf4 Bd6 6. Bxd6 Qxd6 7. Nf3 Bf5 8.
e3 Nd7 9. Bd3 Bxd3 10. Qxd3 Ngf6 11. O-O O-O 12. Rac1 Rfe8 13. Na4 Ne4 14. Nd2
Nxd2 15. Qxd2 Nf6 16. Nc5 Ne4 17. Nxe4 Rxe4 18. Qa5 f5 19. Qd2 f4 20. exf4 Qxf4
21. Qxf4 Rxf4 22. Rcd1 Re4 23. f3 Re2 24. Rf2 Rae8 25. Rd2 Re1+ 26. Rf1 R1e2
27. Rf2 Re1+ 28. Rf1 R1e2 29. Rf2 1/2-1/2

[Event "Team senior chess final 2016"]
[Site "Sochi"]
[Date "2016.05.09"]
[Round "8.2"]
[White "Kalegin, Evgenij"]
[Black "Mishuchkov, Nikolai M"]
[Result "1/2-1/2"]
[WhiteElo "2431"]
[BlackElo "2301"]
[PlyCount "29"]
[EventDate "2016.05.01"]

1. e4 c5 2. Nf3 e6 3. g3 Nc6 4. Bg2 Nf6 5. Qe2 d5 6. exd5 Nxd5 7. O-O Be7 8.
Rd1 Bf6 9. Nc3 O-O 10. Ne4 Be7 11. Nc3 Bf6 12. Ne4 Be7 13. Nc3 Bf6 14. Ne4 Be7
15. Nc3 1/2-1/2

[Event "Team senior chess final 2016"]
[Site "Sochi"]
[Date "2016.05.09"]
[Round "8.2"]
[White "Karasev, Vladimir I"]
[Black "Zhelnin, Vladimir V"]
[Result "1/2-1/2"]
[WhiteElo "2354"]
[BlackElo "2464"]
[PlyCount "76"]
[EventDate "2016.05.01"]

1. e4 e5 2. Nf3 Nf6 3. Nxe5 d6 4. Nf3 Nxe4 5. Qe2 Qe7 6. d3 Nf6 7. Bg5 Qxe2+ 8.
Bxe2 Be7 9. Nc3 c6 10. Ne4 Nbd7 11. Nxf6+ Bxf6 12. Bxf6 Nxf6 13. O-O O-O 14.
Rfe1 Re8 15. h3 Bd7 16. Bf1 Rxe1 17. Rxe1 Re8 18. Rxe8+ Bxe8 19. Nd2 Kf8 20. d4
Ke7 21. c3 Bd7 22. Bd3 h6 23. h4 Be6 24. a3 c5 25. dxc5 dxc5 26. Ne4 Nxe4 27.
Bxe4 b6 28. f4 Kd6 29. Kf2 Bd5 30. Ke3 f5 31. Bxf5 Bxg2 32. Be4 Bf1 33. b4 Bc4
34. Bg6 Bd5 35. Be4 Bc4 36. Bg6 Bd5 37. Be4 Bc4 38. Bg6 Bd5 1/2-1/2

[Event "Team senior chess final 2016"]
[Site "Sochi"]
[Date "2016.05.09"]
[Round "8.3"]
[White "Gubernatorov, Sergey"]
[Black "Vasiukov, Evgeni"]
[Result "1/2-1/2"]
[WhiteElo "2289"]
[BlackElo "2408"]
[PlyCount "104"]
[EventDate "2016.05.01"]

1. c4 f5 2. d4 g6 3. Nc3 Bg7 4. e4 fxe4 5. Nxe4 Nf6 6. Nxf6+ Bxf6 7. Nf3 d6 8.
Be2 c5 9. O-O Nc6 10. d5 Nd4 11. Nxd4 Bxd4 12. Bh6 Bxb2 13. Rb1 Bf6 14. Bg4
Bxg4 15. Qxg4 b6 16. Rfe1 Qd7 17. Re6 O-O-O 18. Rbe1 Kb8 19. h4 Rhg8 20. Qe4
Qa4 21. Bg5 Qxa2 22. Bxf6 exf6 23. Re7 Qa4 24. Qe6 Rgf8 25. Rxh7 Rfe8 26. Re7
Rxe7 27. Qxe7 Kc8 28. Qf7 Rd7 29. Qe8+ Kc7 30. Qa8 Qa6 31. Qc6+ Kd8 32. Re6 Qb7
33. Qa4 b5 34. Qa5+ Qb6 35. Qxb6+ axb6 36. cxb5 Kc7 37. Rxf6 Rh7 38. Rxg6 Rxh4
39. Rg7+ Kc8 40. g4 Rh3 41. g5 c4 42. Kf1 c3 43. Ke2 Rf3 44. Re7 c2 45. Kd2
Rxf2+ 46. Kc1 Rg2 47. Rg7 Kd8 48. g6 Kc8 49. Rg8+ Kb7 50. g7 Ka7 51. Rd8 Rxg7
52. Rxd6 Rg2 1/2-1/2

[Event "Team senior chess final 2016"]
[Site "Sochi"]
[Date "2016.05.09"]
[Round "8.3"]
[White "Shvedchikov, Anatoli I"]
[Black "Mednikov, Gennadiy"]
[Result "0-1"]
[WhiteElo "2299"]
[BlackElo "2118"]
[PlyCount "104"]
[EventDate "2016.05.01"]

1. c4 e5 2. Nc3 Nc6 3. Nf3 Nf6 4. e3 Be7 5. d4 exd4 6. Nxd4 O-O 7. Be2 d5 8.
cxd5 Nb4 9. O-O Nbxd5 10. Nxd5 Nxd5 11. Qb3 c5 12. Nb5 a6 13. Nc3 Be6 14. Nxd5
Bxd5 15. Qc2 Qb6 16. Rd1 Rad8 17. b3 Qc6 18. f3 Bf6 19. Rb1 Rfe8 20. Bd2 Bd4
21. exd4 Rxe2 22. Qd3 Rde8 23. Re1 c4 24. Qxe2 Rxe2 25. Rxe2 h6 26. Rc1 Qb5 27.
Re3 cxb3 28. axb3 Qb6 29. Rd3 Be6 30. Be3 Bd5 31. Bf2 Qb5 32. Rcc3 b6 33. h3 a5
34. Be1 Qd7 35. Kf2 b5 36. Rc1 b4 37. Re3 f6 38. Ra1 Qa7 39. Ra2 Qb6 40. Ra1
Bxb3 41. Rc1 Qxd4 42. Rc8+ Kh7 43. Rce8 Bc2 44. Ra8 a4 45. Rb8 b3 46. Rb4 Qc5
47. Rb7 a3 48. Bb4 Qc6 49. Ree7 a2 50. Rxg7+ Kh8 51. Rgf7 Qxb7 52. Rxb7 a1=Q
0-1

[Event "Team senior chess final 2016"]
[Site "Sochi"]
[Date "2016.05.09"]
[Round "8.3"]
[White "Maiorov, Viktor"]
[Black "Dragomarezkij, Evgeni"]
[Result "0-1"]
[WhiteElo "2047"]
[BlackElo "2351"]
[PlyCount "94"]
[EventDate "2016.05.01"]

1. e4 c5 2. Nc3 Nc6 3. f4 e6 4. Nf3 a6 5. a4 d5 6. d3 Nf6 7. e5 Nd7 8. g3 Be7
9. Bh3 O-O 10. O-O Rb8 11. Qe2 Qc7 12. f5 Nd4 13. Nxd4 cxd4 14. fxe6 dxc3 15.
exd7 Bxd7 16. Bxd7 cxb2 17. Bxb2 Qxd7 18. Bd4 Rbc8 19. Rf4 Qe6 20. Raf1 Bc5 21.
Bxc5 Rxc5 22. Qf2 Rc7 23. d4 b5 24. axb5 axb5 25. Qe2 Rc4 26. Rg4 Rfc8 27. Qf3
Rxc2 28. Rf4 Qh3 29. Rh4 Qe6 30. Qd3 h6 31. Qxb5 Rd2 32. Rhf4 Qh3 33. R4f2 Rxf2
34. Rxf2 Rc1+ 35. Rf1 Rc2 36. Rf2 Rxf2 37. Kxf2 Qxh2+ 38. Kf3 Qg1 39. Qc5 g6
40. Qb6 Qf1+ 41. Ke3 Qg2 42. Qd8+ Kh7 43. Qh4 g5 44. Qg4 Kg6 45. e6 h5 46. exf7
hxg4 47. f8=Q Qxg3+ 0-1

[Event "Team senior chess final 2016"]
[Site "Sochi"]
[Date "2016.05.10"]
[Round "9.2"]
[White "Zhelnin, Vladimir V"]
[Black "Mednikov, Gennadiy"]
[Result "1/2-1/2"]
[WhiteElo "2464"]
[BlackElo "2118"]
[PlyCount "83"]
[EventDate "2016.05.01"]

1. e4 d5 2. exd5 Qxd5 3. Nc3 Qd6 4. d4 Nf6 5. Bc4 a6 6. Nf3 Bg4 7. h3 Bh5 8.
Be3 Nc6 9. g4 Bg6 10. Qe2 Nb4 11. Bb3 O-O-O 12. O-O-O e6 13. Ne5 Nbd5 14. Na4
Nxe3 15. fxe3 Nd7 16. Nxg6 hxg6 17. Qf3 f5 18. e4 Qc6 19. d5 exd5 20. exf5 Ne5
21. Qe2 Bd6 22. Nc3 d4 23. Bd5 Qc5 24. Be6+ Kb8 25. Ne4 d3 26. Qg2 Qe3+ 27. Kb1
Bb4 28. a3 Ba5 29. cxd3 Nxd3 30. Rhf1 Rd4 31. Qf3 Rxh3 32. Qxe3 Rxe3 33. Nc5
Bb6 34. Nxd3 Rdxd3 35. Rxd3 Rxd3 36. fxg6 Rg3 37. Rf8+ Ka7 38. Rf7 Bd4 39. Rxc7
Rg1+ 40. Kc2 Rg2+ 41. Kd3 Be5 42. Rxb7+ 1/2-1/2

[Event "Team senior chess final 2016"]
[Site "Sochi"]
[Date "2016.05.10"]
[Round "9.2"]
[White "Maiorov, Viktor"]
[Black "Pushkov, Nikolai"]
[Result "0-1"]
[WhiteElo "2047"]
[BlackElo "2306"]
[PlyCount "76"]
[EventDate "2016.05.01"]

1. e4 e6 2. d4 d5 3. Nd2 c5 4. Ngf3 cxd4 5. Nxd4 Nf6 6. Bb5+ Bd7 7. Bxd7+ Nbxd7
8. exd5 Nxd5 9. O-O Bc5 10. N2b3 O-O 11. Nxc5 Nxc5 12. c4 Nf6 13. b4 Na4 14.
Nb5 Qxd1 15. Rxd1 Rfd8 16. Bf4 Nb2 17. Rxd8+ Rxd8 18. c5 Nd5 19. Bc1 Nc4 20. g3
a6 21. Na3 Nxa3 22. Bxa3 Nc3 23. Bb2 Na4 24. Be5 Rd5 25. Bc7 Rd3 26. Kf1 f6 27.
Ke1 Nc3 28. Bf4 Nd5 29. Bd2 Ra3 30. Kd1 Kf7 31. Kc2 Ke7 32. Kb2 Rf3 33. Rf1 Kd7
34. a3 e5 35. Bc1 Kc6 36. Ka2 e4 37. a4 Nxb4+ 38. Ka1 e3 0-1

[Event "Team senior chess final 2016"]
[Site "Sochi"]
[Date "2016.05.10"]
[Round "9.3"]
[White "Rashkovsky, Nukhim N"]
[Black "Faibisovich, Vadim Z"]
[Result "1/2-1/2"]
[WhiteElo "2515"]
[BlackElo "2352"]
[PlyCount "80"]
[EventDate "2016.05.01"]

1. d4 d5 2. c4 e6 3. Nf3 Nf6 4. e3 Be7 5. b3 O-O 6. Bb2 b6 7. Be2 Bb7 8. O-O
Nbd7 9. Nc3 c5 10. cxd5 Nxd5 11. Nxd5 Bxd5 12. Rc1 Rc8 13. Qd2 cxd4 14. Rxc8
Qxc8 15. Qxd4 Bf6 16. Qd2 Bxb2 17. Qxb2 Qb7 18. Rc1 Rc8 19. Rc3 Rxc3 20. Qxc3
Qc6 21. Qxc6 Bxc6 22. Nd4 Bb7 23. Bf3 Bxf3 24. Nxf3 Kf8 25. Kf1 Ke7 26. Ke2 f6
27. Ne1 Kd6 28. f3 Nc5 29. Nd3 Nxd3 30. Kxd3 Kd5 31. a3 e5 32. e4+ Kc5 33. Kc3
b5 34. b4+ Kd6 35. Kd3 Ke6 36. Kc3 Kd6 37. Kd3 Ke6 38. Ke3 Kd6 39. Kd3 Ke6 40.
Ke3 Kd6 1/2-1/2

[Event "Team senior chess final 2016"]
[Site "Sochi"]
[Date "2016.05.10"]
[Round "9.3"]
[White "Mishuchkov, Nikolai M"]
[Black "Lisenko, Alexander V"]
[Result "1/2-1/2"]
[WhiteElo "2301"]
[BlackElo "2361"]
[PlyCount "48"]
[EventDate "2016.05.01"]

1. d4 Nf6 2. c4 e6 3. Nf3 Bb4+ 4. Bd2 Qe7 5. e3 Bxd2+ 6. Qxd2 d6 7. Nc3 O-O 8.
Be2 e5 9. Qc2 Bg4 10. O-O Nbd7 11. Rfd1 Rae8 12. dxe5 Nxe5 13. Nxe5 Qxe5 14.
Nd5 Bxe2 15. Nxf6+ Qxf6 16. Qxe2 Re5 17. Rd4 Rfe8 18. Rad1 Re4 19. Rd5 R4e5 20.
R5d4 Re4 21. Rd5 R4e5 22. R5d4 Re4 23. Rd5 R4e5 24. R5d4 Re4 1/2-1/2

[Event "Team senior chess final 2016"]
[Site "Sochi"]
[Date "2016.05.10"]
[Round "9.3"]
[White "Fradkin, Boris"]
[Black "Karasev, Vladimir I"]
[Result "1/2-1/2"]
[WhiteElo "2387"]
[BlackElo "2354"]
[PlyCount "108"]
[EventDate "2016.05.01"]

1. Nf3 d6 2. d4 g6 3. g3 Bg7 4. Bg2 Nf6 5. O-O O-O 6. Nc3 c6 7. h3 Nd5 8. e4
Nxc3 9. bxc3 Qa5 10. Bd2 Qa4 11. Qb1 Nd7 12. Qb3 Nb6 13. Rfb1 c5 14. Be3 Be6
15. Qxa4 Nxa4 16. Rxb7 Nxc3 17. Re1 Nxe4 18. Rxe7 Rfe8 19. Rxe8+ Rxe8 20. dxc5
dxc5 21. Nd2 Nxd2 22. Bxd2 Rb8 23. Be3 Bd4 24. Bxd4 cxd4 25. Rd1 Rb4 26. a3 Ra4
27. g4 h5 28. f3 Kg7 29. Rd3 Kf6 30. Kf2 Ke5 31. c3 h4 32. f4+ Kxf4 33. cxd4
Rc4 34. d5 Rc2+ 35. Kg1 Rc1+ 36. Kh2 Bc8 37. Rf3+ Ke5 38. Rxf7 a5 39. Re7+ Kf6
40. d6 Rd1 41. Rc7 Be6 42. Rc5 g5 43. Rxa5 Rxd6 44. Rc5 Ra6 45. Rc3 Ke5 46.
Re3+ Kd6 47. Kg1 Rb6 48. Re1 Ra6 49. Ra1 Bb3 50. Kf2 Ke5 51. Bf3 Kd4 52. Re1
Rxa3 53. Re4+ Kc5 54. Re5+ Kd4 1/2-1/2

[Event "Team senior chess final 2016"]
[Site "Sochi"]
[Date "2016.05.10"]
[Round "9.3"]
[White "Blechzin, Igor"]
[Black "Kaliberda, Vladimir"]
[Result "1-0"]
[WhiteElo "2350"]
[BlackElo "2268"]
[PlyCount "49"]
[EventDate "2016.05.01"]

1. c4 c5 2. g3 g6 3. Bg2 Bg7 4. Nc3 Nc6 5. e3 d6 6. Nge2 e5 7. O-O h5 8. d4
Nge7 9. dxc5 dxc5 10. Qxd8+ Kxd8 11. Ne4 b6 12. N2c3 Be6 13. Rd1+ Kc7 14. Nd5+
Bxd5 15. cxd5 Rad8 16. Nc3 Nd4 17. exd4 cxd4 18. Nb5+ Kb8 19. Nxd4 exd4 20.
Bf4+ Kc8 21. Rac1+ Kd7 22. Rc7+ Ke8 23. d6 Nf5 24. Re1+ Kf8 25. Bd5 1-0

[Event "Team senior chess final 2016"]
[Site "Sochi"]
[Date "2016.05.10"]
[Round "9.4"]
[White "Sidorov, Anatoly"]
[Black "Sabaev, Evgueni"]
[Result "0-1"]
[WhiteElo "2292"]
[BlackElo "2129"]
[PlyCount "96"]
[EventDate "2016.05.01"]

1. c4 e5 2. Nc3 Nf6 3. g3 d5 4. cxd5 Nxd5 5. Bg2 Nb6 6. d3 Be7 7. Be3 O-O 8.
Rc1 f5 9. a3 f4 10. Bd2 Kh8 11. Qc2 Qe8 12. Ne4 Nc6 13. Nf3 Bg4 14. Bc3 Bd6 15.
b4 Nd5 16. Bb2 Nf6 17. Nfd2 Nxe4 18. Nxe4 f3 19. exf3 Bxf3 20. Bxf3 Rxf3 21.
Qe2 Rf8 22. O-O a6 23. Rc4 Qg6 24. Rfc1 Rae8 25. Rxc6 bxc6 26. Rxc6 Ra8 27. Bc3
Qe8 28. Rc4 Qa4 29. Ng5 Qd7 30. Rh4 h6 31. Bxe5 Bxe5 32. Qxe5 Kg8 33. Ne6 Rf6
34. Re4 Qxd3 35. Nf4 Qd6 36. Qc3 Raf8 37. Qb3+ Kh8 38. Qe3 g5 39. Nd3 Rd8 40.
Ne5 Qd1+ 41. Kg2 Qd2 42. Qc5 Qd5 43. Qe3 Re8 44. f3 Rfe6 45. f4 Rxe5 46. fxe5
Rxe5 47. Kf3 g4+ 48. Kf4 Rxe4+ 0-1

[Event "Team senior chess final 2016"]
[Site "Sochi"]
[Date "2016.05.10"]
[Round "9.4"]
[White "Ostashevsky, Gennady"]
[Black "Kamiljanov, Timerbay"]
[Result "0-1"]
[WhiteElo "2125"]
[BlackElo "2139"]
[PlyCount "78"]
[EventDate "2016.05.01"]

1. Nf3 Nf6 2. b3 g6 3. c4 Bg7 4. Bb2 c5 5. g3 b6 6. Bg2 Bb7 7. O-O O-O 8. Nc3
e6 9. e3 Qe7 10. Re1 d5 11. d4 Rd8 12. Qe2 Nc6 13. Rac1 dxc4 14. Qxc4 Nb4 15.
a3 cxd4 16. Nxd4 Bxg2 17. Kxg2 Qb7+ 18. Kg1 Na6 19. b4 e5 20. Ndb5 Rac8 21. Qe2
Nb8 22. Red1 Qe7 23. Nd5 Nxd5 24. Rxc8 Rxc8 25. Rxd5 Nc6 26. Qd2 Qe6 27. h4 Nd4
28. Rxd4 exd4 29. Bxd4 Qd7 30. Nc3 Bxd4 31. exd4 Qc6 32. Ne2 Re8 33. d5 Qc4 34.
Nf4 Qe4 35. Kh2 h6 36. d6 Rd8 37. Nd5 Qe6 38. d7 Kg7 39. Qc3+ f6 0-1

[Event "Team senior chess final 2016"]
[Site "Sochi"]
[Date "2016.05.10"]
[Round "9.4"]
[White "Sadykov, Mars"]
[Black "Loginov, Alexander"]
[Result "1-0"]
[WhiteElo "2043"]
[BlackElo "2123"]
[PlyCount "79"]
[EventDate "2016.05.01"]

1. Nf3 e6 2. d4 d5 3. g3 Bd6 4. Bg2 f5 5. O-O Nf6 6. c4 c6 7. Qc2 O-O 8. cxd5
exd5 9. Nc3 Ne4 10. Bf4 Bxf4 11. gxf4 Nd7 12. Ne5 Qh4 13. e3 Rf6 14. f3 Rh6 15.
fxe4 Qxh2+ 16. Kf2 Nxe5 17. dxe5 Rg6 18. Rg1 fxe4 19. Kf1 Bh3 20. Qf2 Rxg2 21.
Rxg2 Qh1+ 22. Qg1 Bxg2+ 23. Kf2 Qxg1+ 24. Rxg1 Bh3 25. Ne2 h5 26. Rg5 Bg4 27.
Ng3 Kf7 28. Nxh5 Bxh5 29. Rxh5 c5 30. Rf5+ Ke6 31. Rg5 Rh8 32. Rxg7 Rh2+ 33.
Kg3 Re2 34. Rg6+ Kf7 35. f5 Rxe3+ 36. Kg4 Rf3 37. e6+ Ke7 38. Rg7+ Kd6 39. Rd7+
Kc6 40. Rd8 1-0